| 000 | 00494nam a2200169Ia 4500 | ||
|---|---|---|---|
| 008 | 240729s9999 xx 000 0 und d | ||
| 022 | _a2052-8396 | ||
| 245 | 0 | _aSpace and Culture, India | |
| 260 | _aUnited Kingdom | ||
| 260 | _bACCB Publishing | ||
| 650 | _a Anthropology | ||
| 650 | _a Ethnology. Social and cultural anthropology | ||
| 650 | _aGeography. Anthropology. Recreation | ||
| 856 | _uhttps://doaj.org/toc/77618303f93a4e9489381906736e2ee9 | ||
| 942 | _2ddc | ||
| 942 | _cDOAJEJ | ||
| 999 |
_c69918 _d69918 |
||
| 945 |
_a1 _bMadushi Gamage _c1 _dMadushi Gamage |
||